Fr. Conceicao Rodrigues College of Engineering

Orgrnizational Bheavior (Record no. 20422)

MARC details
000 -LEADER
fixed length control field 00270nam a2200121Ia 4500
100 ## - MAIN ENTRY--PERSONAL NAME
Personal name Robbins
245 ## - TITLE STATEMENT
Title Orgrnizational Bheavior
260 ## - PUBLICATION, DISTRIBUTION, ETC.
Name of publisher, distributor, etc. prentice hall
Place of publication, distribution, etc. New Delhi
Date of publication, distribution, etc. 1985
300 ## - PHYSICAL DESCRIPTION
Extent 564
546 ## - LANGUAGE NOTE
Language note ENGLISH
654 ## - SUBJECT ADDED ENTRY--FACETED TOPICAL TERMS
Focus term Orgrnizational Bheavior
942 ## - ADDED ENTRY ELEMENTS (KOHA)
Koha item type BOOK
Holdings
Withdrawn status Lost status Damaged status Not for loan Collection Home library Current library Date acquired Source of acquisition Cost, normal purchase price Inventory number Total Checkouts Full call number Barcode Date last seen Cost, replacement price Price effective from Koha item type
        AFT Fr. Agnel's C.Rodrigues College of Engineering Fr. Agnel's C.Rodrigues College of Engineering 17/03/2023 UBC 55.00 2782   AFT4561 17/03/2023 55.00 17/03/2023 BOOK